NBA Starting 5 By Initials - Statistics

General Stats
  • This quiz has been taken 18 times
  • The average score is 6 of 30
Answer Stats
Hint Answer % Correct
WHMBT Boston Celtics
44%
GLWCT Golden State Warriors
44%
VRJRD Los Angeles Lakers
44%
VBASH Miami Heat
44%
LHAMA Milwaukee Bucks
44%
GMECT Minnesota Timberwolves
44%
MAGOM Cleveland Cavaliers
33%
ZGWLB Los Angeles Clippers
33%
MBJBT Memphis Grizzlies
33%
GWDWG Oklahoma City Thunder
33%
THEMH Philadelphia 76ers
33%
PDABC Phoenix Suns
33%
BDFCJ Brooklyn Nets
22%
BLAVD Chicago Bulls
22%
BDIPT Dallas Mavericks
22%
MCGJP Denver Nuggets
22%
NTHHN Indiana Pacers
22%
FMSHB Sacramento Kings
22%
MCCYD Atlanta Hawks
11%
GRBBR New York Knicks
11%
SPAVB Toronto Raptors
11%
PKBGM Washington Wizards
11%
WHOWR Charlotte Hornets
0%
WHIBB Detroit Pistons
0%
SPGMS Houston Rockets
0%
MJVIM New Orleans Pelicans
0%
CHBWF Orlando Magic
0%
STGNS Portland Trailblazers
0%
SMJVJ San Antonio Spurs
0%
MOCKS Utah Jazz
0%
No matching quizzes found
Score Distribution
Percent of People with Each Score
Percentile by Number Answered
Your Score History
You have not taken this quiz